| 000 | 01242cam a2200277 i 4500 | ||
|---|---|---|---|
| 003 | SA-RiAUC | ||
| 005 | 20241223064911.0 | ||
| 008 | 241221s1987 ua g 00000cara c | ||
| 040 |
_aSA-JeALM _bara _cSA-RiAUC _erda |
||
| 082 | 0 | 4 | _a234.6 |
| 090 |
_a234.6 _bا ب ن ج |
||
| 100 | 1 |
_aابن جماعة، محمد بن إبراهيم بن سعد الله، _d639-733 هجري _eمؤلف. |
|
| 245 | 1 | 0 |
_aتراجم البخاري / _cبدر الدين محمد بن إبراهيم بن جماعة ؛ دراسة وتحقيق علي بن عبد الله الزبن. |
| 264 | 1 |
_aالقاهرة : _bهجر للطباعة والنشر والتوزيع والإعلان، _c1991 |
|
| 300 |
_a339 صفحة ؛ _c24 سم. |
||
| 336 |
_aنص _btxt _2rdacontent _3كتاب |
||
| 337 |
_aبدون وسيط _bn _2rdamedia |
||
| 338 |
_aمجلد _bnc _2rdacarrier |
||
| 440 | 0 | _aموسوعة علوم | |
| 600 | 1 | 7 |
_aالبخاري، محمد بن إسماعيل بن إبراهيم، _d194-256 هجري _2aucnm |
| 650 | 7 |
_aالحديث _xرواية _2aucsh |
|
| 650 | 7 |
_aالحديث _xجمع وتدوين _2aucsh |
|
| 700 | 1 |
_aالزين، علي بن عبد الله _eمحقق. |
|
| 942 |
_2ddc _cBOOK _n0 |
||
| 949 |
_aSA-JeALM _d241221 _umohamedma123 _n1 |
||
| 999 |
_c3792 _d3792 |
||